LEADER 03535nam 22008171c 450 001 9910974297203321 005 20200115203623.0 010 $a9781472552389 010 $a1472552385 010 $a9781472501790 010 $a1472501799 024 7 $a10.5040/9781472552389 035 $a(CKB)2560000000147000 035 $a(EBL)1659730 035 $a(SSID)ssj0001221285 035 $a(PQKBManifestationID)11798577 035 $a(PQKBTitleCode)TC0001221285 035 $a(PQKBWorkID)11187412 035 $a(PQKB)11248445 035 $a(MiAaPQ)EBC1659730 035 $a(Au-PeEL)EBL1659730 035 $a(CaPaEBR)ebr10856279 035 $a(CaONFJC)MIL603645 035 $a(OCoLC)878148042 035 $a(OCoLC)878078559 035 $a(UtOrBLW)bpp09255095 035 $a(UtOrBLW)BP9781472552389BC 035 $a(Perlego)806964 035 $a(EXLCZ)992560000000147000 100 $a20140929d2012 uy 0 101 0 $aeng 135 $aur|n|---||||| 181 $ctxt 182 $cc 183 $acr 200 10$aOn Aristotle Physics 8.1-5 $fSimplicius ; translated by Istva?n Bodna?r, Michael Chase and Michael Share 205 $a1st ed. 210 1$aLondon $cBristol Classical Press $d2012. 215 $a1 online resource (257 p.) 225 1 $aAncient commentators on Aristotle 300 $a"Paperback edition first published 2014"--T. p. verso. 311 08$a9781472539175 311 08$a1472539176 311 08$a9781780932101 311 08$a1780932103 320 $aIncludes bibliographical references and indexes 327 $aIntroduction -- Textual Emendations -- Translation -- Notes -- Bibliography -- English-Greek Glossary -- Greek-English Index -- Index of Passages Cited -- General Index 330 $a"In this commentary on Aristotle Physics book eight, chapters one to five, the sixth-century philosopher Simplicius quotes and explains important fragments of the Presocratic philosophers, provides the fragments of his Christian opponent Philoponus' Against Aristotle On the Eternity of the World, and makes extensive use of the lost commentary of Aristotle's leading defender, Alexander of Aphrodisias."--Bloomsbury Publishing 330 8 $aIn this commentary on Aristotle Physics book eight, chapters one to five, the sixth-century philosopher Simplicius quotes and explains important fragments of the Presocratic philosophers, provides the fragments of his Christian opponent Philoponus' Against Aristotle On the Eternity of the World, and makes extensive use of the lost commentary of Aristotle's leading defender, Alexander of Aphrodisias. This volume contains an English translation of Simplicius' important commentary, as well as a detailed introduction, explanatory notes and a bibliography. 410 0$aAncient commentators on Aristotle. 606 $aScience, Ancient 606 $2Western philosophy: Ancient, to c 500 606 $aPhysics$vEarly works to 1800 606 $aMotion$xEarly works to 1800 615 0$aScience, Ancient. 615 0$aPhysics 615 0$aMotion$xEarly works to 1800. 676 $a114 676 $a530 686 $a530.092$223 700 $aSimplicius$cof Cilicia,$0850766 702 $aBodna?r$b M. Istva?n$f1958- 702 $aChase$b Michael$f1959- 702 $aShare$b Michael John 801 0$bUtOrBLW 801 1$bUtOrBLW 801 2$bUkLoBP 906 $aBOOK 912 $a9910974297203321 996 $aOn Aristotle Physics 8.1-5$94476812 997 $aUNINA